[Event "38th ECC Open 2023"]
[Site "Durres ALB"]
[Date "2023.10.02"]
[Round "2.6"]
[Board "4"]
[White "Wemmers, Xander"]
[Black "Cheparinov, Ivan"]
[Result "1/2-1/2"]
[WhiteTitle "IM"]
[BlackTitle "GM"]
[WhiteElo "2353"]
[BlackElo "2658"]
[WhiteTeam "Paul Keres 1"]
[BlackTeam "Turkish Airlines Sports Club"]
[WhiteFideId "1004182"]
[BlackFideId "2905540"]
[EventDate "2023.10.01"]

1. d4 Nf6 2. c4 e6 3. Nf3 d5 4. Nc3 c6 5. e3 Nbd7 6. Be2 Bd6 7. O-O O-O 8. b3 b6
9. Bb2 Bb7 10. Bd3 Re8 11. Re1 Rc8 12. Rc1 h6 13. Rc2 e5 14. dxe5 Nxe5 15. cxd5
Nxd3 16. Qxd3 cxd5 17. Nb5 Rxc2 18. Qxc2 Bb8 19. Nbd4 Qd7 20. Rd1 Ne4 21. Qd3
Rc8 22. Ne2 Qf5 23. Ng3 Nxg3 24. hxg3 Qxd3 25. Rxd3 Rc2 26. Rd2 Rxd2 27. Nxd2
Bc8 28. Nf3 f6 29. Nd4 Bd7 30. Ba3 h5 31. Kf1 g5 32. Ke2 Kf7 33. Kd3 Be5 34. Kd2
Bc7 35. Bb4 a5 36. Bc3 a4 37. bxa4 Bxa4 38. Bb4 Bd7 39. a3 Kg6 40. Be7 Kf7 41.
Bb4 Be5 42. Bc3 Kg6 43. Ke1 h4 44. gxh4 gxh4 45. f4 Bd6 46. Bb4 Bc5 47. Kf2 Bg4
48. Nb5 Bd7 49. Nd4 Ba4 50. Ne6 Bxb4 51. axb4 Kf5 52. Nd4+ Ke4 53. Ke2 Be8 54.
Kd2 Bd7 55. Ne2 Kf5 56. Ke1 Bc8 57. Nd4+ Ke4 58. Ke2 Ba6+ 59. Kf2 Bc4 60. Nf3 b5
61. Nxh4 d4 62. exd4 Kxf4 63. Nf3 Ke4 64. g4 Kf4 65. Nd2 Be6 66. Nb1 Kxg4 67.
Nc3 Bc4 68. Ke3 f5 69. d5 f4+ 70. Kf2 Kf5 71. Kf3 Ke5 72. d6 Be6 73. Nxb5 Bd5+
74. Kf2 Bc6 75. Nc3 Kxd6 76. Ne2 Ke5 77. Nxf4 Kxf4 78. b5 Bxb5 1/2-1/2

[Event "38th ECC Open 2023"]
[Site "Durres ALB"]
[Date "2023.10.02"]
[Round "2.6"]
[Board "5"]
[White "Santos Latasa, Jaime"]
[Black "Ondersteijn, Niels"]
[Result "1-0"]
[WhiteTitle "GM"]
[BlackTitle "IM"]
[WhiteElo "2650"]
[BlackElo "2370"]
[WhiteTeam "Turkish Airlines Sports Club"]
[BlackTeam "Paul Keres 1"]
[WhiteFideId "2293307"]
[BlackFideId "1011162"]
[EventDate "2023.10.01"]

1. e4 c5 2. Nf3 g6 3. d4 cxd4 4. Nxd4 Nc6 5. c4 Nf6 6. Nc3 d6 7. Be2 Nxd4 8.
Qxd4 Bg7 9. O-O O-O 10. Qd3 Be6 11. Be3 Qa5 12. f4 Rfc8 13. b3 a6 14. Bd4 b5 15.
cxb5 axb5 16. Nxb5 Qb4 17. e5 Bf5 18. Qd1 dxe5 19. a3 Bc2 20. axb4 Bxd1 21.
Raxd1 exd4 22. Nxd4 Nd5 23. Bf3 e6 24. Bxd5 exd5 25. Nb5 d4 26. Nxd4 Ra2 27. f5
Bxd4+ 28. Rxd4 Rcc2 29. Rg4 Rab2 30. Rg3 Re2 31. h4 Kg7 32. Rf4 Re5 33. Kh2 Kh6
34. fxg6 fxg6 35. Rc4 Rbe2 36. Rf3 Re7 37. Kh3 Kg7 38. b5 Rb7 39. b4 Re5 40. b6
Rxb6 41. Rc7+ Kg8 42. Rff7 h5 43. Rfd7 Kf8 44. Rh7 Kg8 45. Rcg7+ Kf8 46. Ra7 Kg8
47. Rhb7 Rxb7 48. Rxb7 Re3+ 49. Kh2 Re4 50. Kg3 Kf8 51. b5 Ke8 52. b6 Kd8 53.
Rg7 Rg4+ 54. Kf3 Kc8 55. g3 Kb8 56. Kf2 Kc8 57. Kg2 Kb8 58. Kf3 Kc8 59. Kf2 Kb8
60. Rf7 Rb4 61. Rf6 g5 62. hxg5 Rg4 63. Rf5 Kb7 64. Rb5 Ra4 65. Kg2 Rc4 66. g6
Rg4 67. Rxh5 Rxg6 68. Rb5 Rg8 69. Rb4 Kc6 70. b7 1-0

[Event "38th ECC Open 2023"]
[Site "Durres ALB"]
[Date "2023.10.02"]
[Round "2.6"]
[Board "6"]
[White "Rademakers, Evert"]
[Black "Gurel, Ediz"]
[Result "0-1"]
[WhiteTitle "FM"]
[BlackTitle "IM"]
[WhiteElo "2256"]
[BlackElo "2514"]
[WhiteTeam "Paul Keres 1"]
[BlackTeam "Turkish Airlines Sports Club"]
[WhiteFideId "1025996"]
[BlackFideId "44507356"]
[EventDate "2023.10.01"]

1. b3 d5 2. Bb2 Bf5 3. Nf3 e6 4. g3 Nf6 5. Bg2 Be7 6. O-O h6 7. d3 O-O 8. Nbd2
c5 9. Re1 Nc6 10. e4 Bh7 11. exd5 exd5 12. Ne5 Nxe5 13. Rxe5 Qd7 14. Qf3 Bg6 15.
h3 Rfd8 16. Rae1 Bf8 17. Nf1 a5 18. Ne3 Bd6 19. Rxd5 Nxd5 20. Nxd5 Qf5 21. Qe3
Re8 22. Qxe8+ Rxe8 23. Rxe8+ Kh7 24. a4 Qd7 25. Re1 Bf5 26. Kh2 Be6 27. Nb6 Qc7
28. Nc4 b6 29. Re2 h5 30. h4 Be7 31. Kg1 Qd8 32. Ne5 Bf6 33. Nc6 Qd7 34. Ne5 Qc7
35. Be4+ Kg8 36. Bg2 g6 37. Bc3 Kg7 38. Re1 Qd6 39. Bf3 Kg8 40. Bg2 Bg7 41. Bf3
Qd8 42. Nc6 Qc7 43. Ne5 Qd6 44. Bg2 Kh7 45. Bf3 Bh8 46. Bg2 Bf6 47. Bf3 Bd5 48.
Bxd5 Qxd5 49. Re4 Qb7 50. Rf4 Bxe5 51. Bxe5 Qe7 52. Re4 Qd8 53. Bc3 Kg8 54. Re5
Kf8 55. Re4 Qd7 56. Bf6 Qc6 57. Bc3 Qd6 58. Be5 Qd8 59. Bc3 Kg8 60. Bb2 Kh7 61.
Bc3 Qd6 62. Be5 Qd5 63. Bc3 Qc6 64. Bb2 Kg8 65. Bc3 Kf8 66. Bb2 Qd5 67. Bc3 Qf5
68. Rf4 Qe6 69. Re4 Qd5 70. Bb2 g5 71. hxg5 Qxg5 72. Rf4 Qe7 73. Kf1 Qb7 74. Kg1
Qd7 75. Bf6 Kg8 76. Kg2 Qe6 77. Kf1 Kh7 78. Bc3 f5 79. Bb2 Kg6 80. Bc3 Qc6 81.
Kg1 Qb7 82. Bb2 Qe7 83. Kf1 Qg5 84. Ke2 Qe7+ 85. Kf1 Kg5 86. Bc3 Qe6 87. Bb2 Kg6
88. Bc3 Kf7 89. Bb2 Qd5 90. Kg1 Ke6 91. Bc3 Qd8 92. Kf1 Qd7 93. Bb2 Kd5 94. Bc3
Qe6 95. Bb2 Qg6 96. Ke2 Qg5 97. Rh4 Kc6 98. Rf4 Qe7+ 99. Kf1 Qd7 100. Kg1 Kb7
101. Bc3 Ka6 102. Bb2 Qd5 103. Bc3 Qg8 104. Kf1 Qg5 105. Ke2 h4 0-1

[Event "38th ECC Open 2023"]
[Site "Durres ALB"]
[Date "2023.10.02"]
[Round "2.7"]
[Board "1"]
[White "Pultinevicius, Paulius"]
[Black "Nihal, Sarin"]
[Result "0-1"]
[WhiteTitle "GM"]
[BlackTitle "GM"]
[WhiteElo "2586"]
[BlackElo "2694"]
[WhiteTeam "MRU - ROSK Consulting"]
[BlackTeam "TAJFUN SK Ljubljana"]
[WhiteFideId "12809390"]
[BlackFideId "25092340"]
[EventDate "2023.10.01"]

1. d4 Nf6 2. c4 e6 3. Nc3 Bb4 4. e3 c5 5. Bd3 Nc6 6. Nf3 d5 7. O-O dxc4 8. Bxc4
O-O 9. a3 Ba5 10. Bd3 Qe7 11. Ne4 cxd4 12. exd4 h6 13. Qe2 Rd8 14. Be3 Nd5 15.
Rac1 Bd7 16. Nc5 Be8 17. Bb1 Rac8 18. Qd3 f5 19. b4 Bb6 20. Rfe1 Bh5 21. Bd2
Bxf3 22. gxf3 Bxc5 23. Rxc5 Qf6 24. Be3 b6 25. Rcc1 Nxd4 26. Qxd4 Rxc1 27. Rxc1
Qxd4 28. Bxd4 Nf4 29. Bxb6 axb6 30. Kf1 Rd2 31. Ke1 Re2+ 32. Kf1 Rb2 33. Bc2 b5
34. Ke1 Ra2 35. a4 bxa4 36. Kd2 Rb2 37. Rb1 Rxb1 38. Bxb1 Nd5 39. b5 Kf7 40. Ba2
Nb6 41. Kc3 Ke7 42. Kb4 Kd6 43. f4 g5 44. Ka5 Kc5 45. fxg5 hxg5 46. Bxe6 a3 47.
Bb3 f4 48. Ba2 Nc4+ 49. Ka6 f3 50. Bb3 g4 51. Ba2 Kd4 52. Kb7 Kc5 53. Ka6 Nd6
54. b6 Kd4 55. Ka5 Nc4+ 56. Kb4 Nxb6 57. Kxa3 Nc4+ 58. Ka4 Nb2+ 0-1

[Event "38th ECC Open 2023"]
[Site "Durres ALB"]
[Date "2023.10.02"]
[Round "2.7"]
[Board "2"]
[White "Volokitin, Andrei"]
[Black "Klabis, Rokas"]
[Result "1-0"]
[WhiteTitle "GM"]
[BlackTitle "FM"]
[WhiteElo "2664"]
[BlackElo "2419"]
[WhiteTeam "TAJFUN SK Ljubljana"]
[BlackTeam "MRU - ROSK Consulting"]
[WhiteFideId "14107090"]
[BlackFideId "12805246"]
[EventDate "2023.10.01"]

1. e4 e5 2. Nf3 Nc6 3. Bb5 a6 4. Ba4 d6 5. O-O Nf6 6. Re1 Bd7 7. c3 g6 8. d4 Bg7
9. h3 O-O 10. Bc2 Re8 11. Nbd2 a5 12. a4 exd4 13. cxd4 Nb4 14. Bb1 b5 15. e5
Nfd5 16. axb5 dxe5 17. dxe5 Qb8 18. Ne4 Bxb5 19. Bg5 h6 20. Bd2 Qb6 21. Qc1 h5
22. Ra3 Bxe5 23. Nxe5 Rxe5 24. Bxb4 Nxb4 25. Qh6 f5 26. Nf6+ Qxf6 27. Rxe5 Qxe5
28. Qxg6+ Kf8 29. Re3 Be8 30. Qg5 Qxb2 31. Qe7+ Kg8 32. Rg3+ 1-0

[Event "38th ECC Open 2023"]
[Site "Durres ALB"]
[Date "2023.10.02"]
[Round "2.7"]
[Board "3"]
[White "Sakalauskas, Vaidas"]
[Black "Erdos, Viktor"]
[Result "1/2-1/2"]
[WhiteTitle "IM"]
[BlackTitle "GM"]
[WhiteElo "2344"]
[BlackElo "2559"]
[WhiteTeam "MRU - ROSK Consulting"]
[BlackTeam "TAJFUN SK Ljubljana"]
[WhiteFideId "12800457"]
[BlackFideId "719978"]
[EventDate "2023.10.01"]

1. d4 d5 2. c4 c6 3. Nf3 Nf6 4. Nbd2 Bf5 5. Nh4 Bc8 6. Nhf3 Bf5 7. Nh4 Be6 8. e3
g6 9. Bd3 Bg7 10. O-O O-O 11. Nhf3 Nbd7 12. cxd5 cxd5 13. b3 Qa5 14. Bb2 Rfc8
15. Qb1 Bg4 16. h3 Bxf3 17. Nxf3 e6 18. Rc1 Bf8 19. a3 Qb6 20. Qa2 Qa5 21. Rxc8
Rxc8 22. Rc1 Rxc1+ 23. Bxc1 Bd6 24. Qd2 Qc7 25. Qc2 Kf8 26. Qxc7 Bxc7 27. Kf1
Ke7 28. Ke2 h5 29. Bb2 Ne4 30. Nd2 f5 1/2-1/2

[Event "38th ECC Open 2023"]
[Site "Durres ALB"]
[Date "2023.10.02"]
[Round "2.7"]
[Board "4"]
[White "Saric, Ivan"]
[Black "Vedrickas, Tautvydas"]
[Result "1-0"]
[WhiteTitle "GM"]
[BlackTitle "FM"]
[WhiteElo "2647"]
[BlackElo "2329"]
[WhiteTeam "TAJFUN SK Ljubljana"]
[BlackTeam "MRU - ROSK Consulting"]
[WhiteFideId "14508150"]
[BlackFideId "12802654"]
[EventDate "2023.10.01"]

1. e4 g6 2. d4 Bg7 3. Nc3 c5 4. dxc5 Bxc3+ 5. bxc3 Qa5 6. Qd4 Nf6 7. Bd2 Nc6 8.
Qe3 b6 9. cxb6 Qxb6 10. Bd3 Ba6 11. Nf3 O-O 12. O-O Rfc8 13. e5 Qxe3 14. fxe3
Bxd3 15. cxd3 Ng4 16. d4 Na5 17. h3 Nh6 18. e4 Kg7 19. Rab1 Rab8 20. Kf2 Rb6 21.
Rxb6 axb6 22. Ke2 Nc4 23. Rb1 Ra8 24. Bxh6+ Kxh6 25. Kd3 Ra4 26. Rb4 Rxb4 27.
cxb4 b5 28. d5 f6 29. exf6 exf6 30. Kd4 Na3 31. Kc5 Kg7 32. Nd4 1-0

[Event "38th ECC Open 2023"]
[Site "Durres ALB"]
[Date "2023.10.02"]
[Round "2.7"]
[Board "5"]
[White "Indriunas, Matas"]
[Black "Markus, Robert"]
[Result "0-1"]
[WhiteTitle "FM"]
[BlackTitle "GM"]
[WhiteElo "2326"]
[BlackElo "2578"]
[WhiteTeam "MRU - ROSK Consulting"]
[BlackTeam "TAJFUN SK Ljubljana"]
[WhiteFideId "12812897"]
[BlackFideId "921637"]
[EventDate "2023.10.01"]

1. e4 e6 2. d4 d5 3. Nc3 Bb4 4. exd5 exd5 5. Bd3 Nc6 6. Nf3 Nge7 7. O-O O-O 8.
Ne2 Bd6 9. c3 Ng6 10. h3 Nce7 11. Qc2 b6 12. Ng3 c5 13. Nf5 c4 14. Nxe7+ Qxe7
15. Bf5 Re8 16. g3 Qf6 17. Bxc8 Raxc8 18. Kg2 Re4 19. Bd2 h6 20. Rae1 Qe6 21.
Be3 Re8 22. Nd2 Nh4+ 23. Kh2 f5 24. Qd1 f4 25. Nxe4 Qxe4 26. gxh4 fxe3+ 27. f4
e2 0-1

[Event "38th ECC Open 2023"]
[Site "Durres ALB"]
[Date "2023.10.02"]
[Round "2.7"]
[Board "6"]
[White "Sebenik, Matej"]
[Black "Setkauskas, Vaidas"]
[Result "0-1"]
[WhiteTitle "GM"]
[WhiteElo "2523"]
[BlackElo "2239"]
[WhiteTeam "TAJFUN SK Ljubljana"]
[BlackTeam "MRU - ROSK Consulting"]
[WhiteFideId "14602296"]
[BlackFideId "12803936"]
[EventDate "2023.10.01"]

1. c4 e5 2. Nc3 Nf6 3. Nf3 Nc6 4. g3 d5 5. cxd5 Nxd5 6. Bg2 Nf6 7. O-O h6 8. b4
Bd6 9. b5 Nd4 10. Bb2 c5 11. bxc6 Nxc6 12. d4 O-O 13. Nb5 e4 14. Nd2 Bf5 15. Nc4
Bb4 16. a3 Qd5 17. axb4 Qxb5 18. Nd6 Qd5 19. Nxf5 Qxf5 20. Qa4 a6 21. Rac1 Nd7
22. f3 e3 23. f4 Nb6 24. Qb3 Qb5 25. Rc5 Qxe2 26. Bf3 Qd2 27. Bxc6 e2 28. Bxb7
exf1=Q+ 29. Kxf1 Rae8 30. Re5 Nd7 31. Bxa6 Nxe5 32. fxe5 Re6 33. Bc4 Rc6 34. Bc3
Qxh2 35. b5 Qh1+ 36. Ke2 Qg2+ 37. Kd1 Qf3+ 38. Kc2 Rg6 39. b6 Rb8 40. e6 fxe6
41. d5 Qf2+ 42. Bd2 Qxb6 0-1

[Event "38th ECC Open 2023"]
[Site "Durres ALB"]
[Date "2023.10.02"]
[Round "2.8"]
[Board "1"]
[White "Yankelevich, Lev"]
[Black "Xhembulla, Aleksander"]
[Result "1-0"]
[WhiteTitle "GM"]
[BlackTitle "CM"]
[WhiteElo "2399"]
[BlackElo "2194"]
[WhiteTeam "CE Le Cavalier Differdange"]
[BlackTeam "Partizani"]
[WhiteFideId "24684074"]
[BlackFideId "4705114"]
[EventDate "2023.10.01"]

1. d4 Nf6 2. c4 e6 3. Nf3 b6 4. g3 Ba6 5. Qc2 Bb7 6. Bg2 c5 7. d5 exd5 8. cxd5
Nxd5 9. O-O Be7 10. Qe4 Bc6 11. Ne5 Nf6 12. Nxc6 Nxc6 13. Qa4 O-O 14. Rd1 Qc8
15. Nc3 a6 16. Bg5 b5 17. Qc2 Rb8 18. Bxf6 Bxf6 19. Nd5 Be7 20. Rac1 Re8 21.
Nxe7+ Rxe7 22. Qxc5 Rxe2 23. Bh3 Qf8 24. Bxd7 Qxc5 25. Rxc5 Ne5 26. Bc8 Ng6 27.
Kf1 Re4 28. Bxa6 Ra4 29. Rxb5 Re8 30. Rb6 Rxa2 31. Re1 Rd8 32. h4 Kf8 33. Re3
Ra1+ 34. Kg2 Ne7 35. Bc4 Ra7 36. Rf3 Nd5 37. Bxd5 Rxd5 38. Rb8+ Ke7 39. Rg8 g6
40. Rh8 Rb5 41. Rxf7+ Kxf7 42. Rxh7+ Kf6 43. Rxa7 Rxb2 44. Kf3 Rb3+ 45. Kg4 Rb5
46. Rh7 Ra5 47. f4 Rb5 48. h5 g5 49. Rh6+ 1-0

[Event "38th ECC Open 2023"]
[Site "Durres ALB"]
[Date "2023.10.02"]
[Round "2.8"]
[Board "3"]
[White "Gengler, Pierre"]
[Black "Zeneli, Klendi"]
[Result "1/2-1/2"]
[WhiteElo "2130"]
[BlackElo "2112"]
[WhiteTeam "CE Le Cavalier Differdange"]
[BlackTeam "Partizani"]
[WhiteFideId "4000714"]
[BlackFideId "4706609"]
[EventDate "2023.10.01"]

1. g3 d5 2. Bg2 e5 3. d3 Nf6 4. Nd2 Bc5 5. h3 O-O 6. c4 c6 7. e3 Bf5 8. e4 Be6
9. Ngf3 Qc7 10. O-O h6 11. Qe2 Nbd7 12. Rd1 Rfd8 13. Nf1 dxc4 14. dxc4 Nb6 15.
Rxd8+ Rxd8 16. b3 a5 17. Bb2 Nbd7 18. Rd1 Ra8 19. Ne1 a4 20. Nd3 axb3 21. axb3
Qb6 22. Qc2 Ra2 23. Nc1 Bxf2+ 24. Kh2 Ra8 25. Ne2 Bc5 26. Nd2 Bb4 27. Nf3 Qc7
28. Nc1 Bd6 29. Qe2 Ba3 30. Bc3 Qb6 31. Qc2 Bxc1 32. Rxc1 Ra3 33. Rb1 Bxc4 34.
Nxe5 Be6 35. Nxd7 Nxd7 36. Bxg7 Rxb3 37. Rxb3 Qxb3 38. Qxb3 Bxb3 39. Bxh6 c5 40.
Kg1 b5 41. Kf2 c4 42. Bf3 b4 43. Ke3 Ne5 44. Be2 Nc6 45. Bf4 c3 46. Bb5 Na7 47.
Bd3 Ba4 48. Be5 Kh7 49. Bf6 Bb5 50. Bb1 Bf1 51. h4 Nb5 52. Bd3 Bxd3 53. Kxd3 Kg6
54. Be7 b3 55. Bc5 Kh5 56. Bb4 b2 57. Kc2 Kg4 58. Bc5 f6 59. Kb1 Kh5 60. Kc2 Kg4
61. Kb1 Nc7 62. Bd4 Nb5 1/2-1/2

[Event "38th ECC Open 2023"]
[Site "Durres ALB"]
[Date "2023.10.02"]
[Round "2.8"]
[Board "4"]
[White "Llupa, Oltjon"]
[Black "Favier, Alain"]
[Result "1-0"]
[WhiteElo "2063"]
[BlackElo "2023"]
[WhiteTeam "Partizani"]
[BlackTeam "CE Le Cavalier Differdange"]
[WhiteFideId "821578"]
[BlackFideId "20670532"]
[EventDate "2023.10.01"]

1. d4 Nf6 2. c4 e6 3. Nc3 d5 4. cxd5 exd5 5. Bg5 c6 6. e3 Be7 7. Bd3 O-O 8. Qc2
Nbd7 9. Nf3 Re8 10. O-O h6 11. Bh4 Ne4 12. Bxe7 Qxe7 13. Rab1 a6 14. Ne2 Rb8 15.
b4 Nd6 16. a4 Nf6 17. b5 axb5 18. axb5 cxb5 19. Bxb5 Nxb5 20. Rxb5 Bd7 21. Rb6
Rec8 22. Qb2 Rc7 23. Nf4 Be6 24. Ne5 Rbc8 25. Nxe6 fxe6 26. Ng6 Qf7 27. Ne5 Qe7
28. h3 Ne4 29. Qe2 Rc1 30. Rxc1 Rxc1+ 31. Kh2 Qf6 32. Nd3 Rc7 33. Nf4 Nc3 34.
Qg4 Re7 35. Kg1 Qf7 36. Rxe6 Rxe6 37. Qxe6 Qxe6 38. Nxe6 b5 39. Nc5 Kf7 40. Kf1
Na4 41. Nd3 Nb6 42. Ke2 Nc4 43. f3 Ke7 44. Nb4 Ke6 45. e4 dxe4 46. fxe4 h5 47.
h4 g6 48. Kd3 Nb2+ 49. Ke3 Nc4+ 50. Kf4 Nd6 51. d5+ Kf7 52. g3 Nc4 53. e5 Ke7
54. Nc6+ Kd7 55. Nb4 Ke7 56. Nd3 Nb6 57. Ke4 Nc4 58. Kd4 Nd2 59. d6+ 1-0

[Event "38th ECC Open 2023"]
[Site "Durres ALB"]
[Date "2023.10.02"]
[Round "2.8"]
[Board "5"]
[White "Dahdah, Nagib"]
[Black "Dafa, Sirio"]
[Result "1-0"]
[WhiteElo "2073"]
[BlackElo "1744"]
[WhiteTeam "CE Le Cavalier Differdange"]
[BlackTeam "Partizani"]
[WhiteFideId "4003420"]
[BlackFideId "4705904"]
[EventDate "2023.10.01"]

1. e4 e5 2. Nf3 Nc6 3. Bb5 a6 4. Ba4 Nge7 5. O-O g6 6. d4 exd4 7. Nxd4 Bg7 8.
Be3 b5 9. Bb3 Na5 10. c3 O-O 11. f4 Nxb3 12. Qxb3 d6 13. Nd2 Kh8 14. f5 Ng8 15.
fxg6 fxg6 16. Rxf8 Qxf8 17. Rf1 Qe8 18. Rf7 c5 19. Rxg7 Kxg7 20. Qd5 Bd7 21.
Qxd6 Qe7 22. Qd5 Rf8 23. N4f3 Nf6 24. Qg5 Rc8 25. Qh4 h5 26. Bg5 Qe6 27. Qf4 Rc6
28. Bh6+ Kh8 29. Ne5 Rd6 30. Nxg6+ Kg8 31. Ne5 Kh7 32. Bf8 Ng4 33. Nxg4 Rxd2 34.
Nf6+ Kg6 35. Qh6+ Kf7 36. Qg7# 1-0

[Event "38th ECC Open 2023"]
[Site "Durres ALB"]
[Date "2023.10.02"]
[Round "2.8"]
[Board "6"]
[White "Agalliu, Ermir"]
[Black "Jacques, Robert"]
[Result "0-1"]
[WhiteElo "1718"]
[BlackElo "2041"]
[WhiteTeam "Partizani"]
[BlackTeam "CE Le Cavalier Differdange"]
[WhiteFideId "4706617"]
[BlackFideId "603643"]
[EventDate "2023.10.01"]

1. d4 Nf6 2. c4 e6 3. Nc3 Bb4 4. Qc2 O-O 5. e4 d5 6. cxd5 exd5 7. e5 Ne4 8. Nf3
c5 9. a3 Bxc3+ 10. bxc3 c4 11. Bxc4 Qa5 12. Bd2 Nxd2 13. Nxd2 dxc4 14. Nxc4 Qa6
15. Nd6 Be6 16. c4 Nc6 17. Rd1 Bd7 18. O-O Nxe5 19. dxe5 Ba4 20. Qc3 Bxd1 21.
Rxd1 Qc6 22. Qg3 Rad8 23. Re1 Qd7 24. c5 Qe6 25. f4 Qd5 26. Nf5 Qxc5+ 27. Kh1 g6
28. Nh6+ Kh8 29. Qh4 Qb6 30. Ng4 h5 31. Nf6 Kg7 32. Qg5 Rh8 33. Ne4 Qe6 34. Qg3
h4 35. Qc3 Qc6 36. Qf3 Rd4 37. h3 Qd5 38. Qe3 Rd3 39. Qc1 Rd8 40. Nd6 Rxh3+ 41.
Kg1 Rg3 42. Qb2 h3 0-1

[Event "38th ECC Open 2023"]
[Site "Durres ALB"]
[Date "2023.10.02"]
[Round "2.9"]
[Board "1"]
[White "Sarana, Alexey"]
[Black "Nemeth, Miklos1"]
[Result "1/2-1/2"]
[WhiteTitle "GM"]
[BlackTitle "IM"]
[WhiteElo "2682"]
[BlackElo "2425"]
[WhiteTeam "Sentimento Ajka BSK"]
[BlackTeam "SK Dunajska Streda"]
[WhiteFideId "24133795"]
[BlackFideId "720232"]
[EventDate "2023.10.01"]

1. d4 Nf6 2. c4 e6 3. Nc3 Bb4 4. Qc2 O-O 5. Nf3 c5 6. dxc5 Na6 7. g3 Nxc5 8. Bg2
Nce4 9. Bd2 Nxd2 10. Nxd2 d5 11. O-O d4 12. Nce4 Nxe4 13. Bxe4 f5 14. Bg2 e5 15.
c5 Bxd2 16. Qxd2 Qc7 17. Qb4 a5 18. Qb5 Rb8 19. Rac1 Be6 20. a3 Rfd8 21. e4 f4
22. gxf4 exf4 23. Rfd1 Qe5 24. Qb6 a4 25. Rd3 f3 26. Rxf3 d3 27. Rd1 d2 28. Re3
Bb3 29. Rxb3 axb3 30. Qxb3+ Kh8 31. Qb4 Rbc8 32. Rxd2 Rxd2 33. Qxd2 Qxc5 34. Bf1
Qc1 35. Qd7 Rf8 36. Qd6 Qg5+ 37. Qg3 Qd2 38. b4 Qd4 39. Bg2 b5 40. Bf1 Qb6 41.
e5 g6 1/2-1/2

[Event "38th ECC Open 2023"]
[Site "Durres ALB"]
[Date "2023.10.02"]
[Round "2.9"]
[Board "2"]
[White "Bokros, Albert"]
[Black "Pechac, Jergus"]
[Result "1/2-1/2"]
[WhiteTitle "IM"]
[BlackTitle "GM"]
[WhiteElo "2447"]
[BlackElo "2596"]
[WhiteTeam "SK Dunajska Streda"]
[BlackTeam "Sentimento Ajka BSK"]
[WhiteFideId "710458"]
[BlackFideId "14926970"]
[EventDate "2023.10.01"]

1. e4 e5 2. Nf3 Nc6 3. Bb5 Nge7 4. Nc3 Ng6 5. d4 Nxd4 6. Nxd4 exd4 7. Qxd4 c6 8.
Be2 Qb6 9. Qd3 Be7 10. O-O O-O 11. a4 d6 12. a5 Qc7 13. Be3 Kh8 14. f4 f5 15.
Qd2 Bd7 16. g3 b5 17. axb6 axb6 18. Bd3 fxe4 19. Bxe4 d5 20. Bg2 Bc5 21. Ne2 Ne7
22. Nd4 Bd6 23. c3 Ng8 24. Rxa8 Rxa8 25. Nf3 Nf6 26. Bd4 Bf5 27. Be5 Bc5+ 28.
Nd4 Qd7 29. b4 Ne4 30. Bxe4 Bxd4+ 31. Qxd4 1/2-1/2

[Event "38th ECC Open 2023"]
[Site "Durres ALB"]
[Date "2023.10.02"]
[Round "2.9"]
[Board "3"]
[White "Banusz, Tamas"]
[Black "Borhy, Marcell"]
[Result "1-0"]
[WhiteTitle "GM"]
[BlackTitle "IM"]
[WhiteElo "2600"]
[BlackElo "2390"]
[WhiteTeam "Sentimento Ajka BSK"]
[BlackTeam "SK Dunajska Streda"]
[WhiteFideId "722413"]
[BlackFideId "770787"]
[EventDate "2023.10.01"]

1. d4 Nf6 2. Nf3 d5 3. c4 e6 4. g3 Bb4+ 5. Bd2 Be7 6. Bg2 c6 7. Qc2 Nbd7 8. Bf4
O-O 9. h4 dxc4 10. Qxc4 Nd5 11. Bg5 c5 12. O-O f6 13. Bd2 N7b6 14. Qb3 Bd7 15.
Nc3 c4 16. Qc2 Rc8 17. a3 Nxc3 18. bxc3 Na4 19. e4 b5 20. Be3 a5 21. Rfd1 Qe8
22. Bh3 Bxa3 23. Rxa3 b4 24. Raa1 Nxc3 25. Re1 Ba4 26. Qc1 Nxe4 27. Bf4 f5 28.
Ng5 Nxg5 29. hxg5 c3 30. Re3 Qd7 31. Bf1 Rfd8 32. Kh2 Bb5 33. Rxa5 Bxf1 34. Qxf1
b3 35. Ra3 Qb7 36. Qb1 c2 37. Qxb3 Qxb3 38. Rexb3 c1=Q 39. Bxc1 Rxc1 40. Rb7 Kh8
41. Raa7 h6 42. g6 Rg8 43. Rb6 Rcc8 44. Rxe6 Rcd8 45. Ra4 Rgf8 46. Kg2 Rf6 47.
d5 Kg8 48. Ra7 1-0

[Event "38th ECC Open 2023"]
[Site "Durres ALB"]
[Date "2023.10.02"]
[Round "2.9"]
[Board "4"]
[White "Varga, Zoltan"]
[Black "Ivic, Velimir"]
[Result "1/2-1/2"]
[WhiteTitle "GM"]
[BlackTitle "GM"]
[WhiteElo "2356"]
[BlackElo "2562"]
[WhiteTeam "SK Dunajska Streda"]
[BlackTeam "Sentimento Ajka BSK"]
[WhiteFideId "700509"]
[BlackFideId "950122"]
[EventDate "2023.10.01"]

1. d4 Nf6 2. c4 g6 3. Nc3 Bg7 4. e4 d6 5. f3 O-O 6. Be3 c5 7. dxc5 dxc5 8. Qxd8
Rxd8 9. Bxc5 Nc6 10. Nd5 Nd7 11. Nxe7+ Nxe7 12. Bxe7 Bxb2 13. Rb1 Bc3+ 14. Kf2
Bd4+ 15. Ke1 Bc3+ 16. Kf2 Bd4+ 17. Ke1 Re8 18. Ne2 Rxe7 19. Nxd4 f5 20. Kf2 fxe4
21. Re1 Nf6 22. c5 Bd7 23. Bc4+ Kg7 24. Rb1 Bf5 25. Rb2 Rc8 26. Rb5 a6 27. Ra5
Re5 28. Nb3 exf3 29. gxf3 Nd7 30. Re1 Rxe1 31. Kxe1 Ne5 32. Be2 Nc6 33. Ra4 g5
34. h4 h6 35. Kf2 Kf6 36. hxg5+ hxg5 37. Nd2 Rd8 38. Ke3 Rd5 39. Rc4 Re5+ 40.
Kf2 Re7 41. a3 Rc7 42. Ke3 Re7+ 43. Kf2 Rc7 44. Ke3 Re7+ 1/2-1/2

[Event "38th ECC Open 2023"]
[Site "Durres ALB"]
[Date "2023.10.02"]
[Round "2.9"]
[Board "5"]
[White "Balog, Imre"]
[Black "Csonka, Attila Istvan"]
[Result "1-0"]
[WhiteTitle "GM"]
[BlackTitle "IM"]
[WhiteElo "2622"]
[BlackElo "2297"]
[WhiteTeam "Sentimento Ajka BSK"]
[BlackTeam "SK Dunajska Streda"]
[WhiteFideId "728446"]
[BlackFideId "716529"]
[EventDate "2023.10.01"]

1. d4 Nf6 2. c4 e6 3. g3 d5 4. Bg2 Be7 5. Nf3 O-O 6. O-O Nbd7 7. Ne5 c6 8. Nd2
Nxe5 9. dxe5 Ng4 10. Nf3 f6 11. exf6 Bxf6 12. Qc2 Bd7 13. e4 Be8 14. Qe2 Qd6 15.
exd5 cxd5 16. Re1 dxc4 17. Qxc4 Ne5 18. Nxe5 Bxe5 19. Be3 Bf7 20. Rad1 Qc7 21.
Qxc7 Bxc7 22. Rd7 1-0